Podaj nazwę wojny - Statystyki

Ogólne statystyki
  • Ten quiz został rozwiązany 24 razy
  • Średni wynik to 6 z 16
Statystyki odpowiedzi
Strony wojujące Rok Wojna % Poprawnych
Alianci vs. Państwa Osi 1939–1945 II wojna światowa
95%
Alianci vs.Państwa Centralne 1914–1918 I wojna światowa
95%
Północ vs. Południe 1861–1865 Wojna secesyjna
76%
Anglia vs. Francja 1337–1453 Wojna stuletnia
62%
Francja vs. Większość Europy 1803–1815 Wojny napoleońskie
43%
Trojanie vs. Achajowie circa 1,200 BC Wojna trojańska
33%
Lancasteryści vs. Yorkiści 1455–1485 Wojna Dwóch Róż
29%
Ateny vs. Sparta 431–404 BC Wojna peloponeska
29%
Argentyna vs. Wielka Brytania 1982 Wojna o Falklandy
24%
Izrael vs. Dużo panstw Arabskich 1967 Wojna sześciodniowa
19%
Rzym vs. Kartagina 264–146 BC Wojny punickie
19%
Rosja vs. Wielka Brytania, Francjaand Imperium Osmańskie 1853–1856 Wojna krymska
14%
Izrael vs. Dużo panstw Arabskich 1973 Wojna Jom Kipur
10%
Koalicja USA vs. Irak 1990–1991 I wojna w Zatoce Perski
5%
USA vs. Wielka Brytania 1812–1815 Wojna brytyjsko-amerykańska
5%
Hiszpania vs. USA 1898 Wojna amerykańsko-hiszpańska
0%
Nie znaleziono quizów pasujących do podanych kryteriów
Rozkład punktacji
Procent ludzi z każdym wynikiem
Percentyl według liczby udzielonych odpowiedzi
Twoja historia wyników
Nie rozwiązałeś tego quizu